书目信息 |
| 题名: |
蔡元培教育论著选
|
|
| 作者: | 高平叔 编 | |
| 分册: | ||
| 出版信息: | 北京 人民教育出版社 1991 |
|
| 页数: | 721页 | |
| 开本: | 32开 | |
| 丛书名: | 中国近代教育论著丛书 | |
| 单 册: | ||
| 中图分类: | G409 | |
| 科图分类: | ||
| 主题词: | 教育学 | |
| 电子资源: | ||
| ISBN: | 7-107-10612-0 | |
| 000 | 00668oam2 2200229 450 | |
| 001 | 1238511774 | |
| 005 | 20121004104242.75 | |
| 010 | @a7-107-10612-0@b精装@dCNY13.60 | |
| 100 | @a19951027d1991 em y0chiy0110 ea | |
| 101 | 0 | @achi |
| 102 | @aCN@b110000 | |
| 105 | @ac z 000yy | |
| 200 | 1 | @a蔡元培教育论著选@ACai Yuan Pei Jiao Yu Lun Zhu Xuan@f高平叔编@FGao Ping Shu Bian |
| 210 | @a北京@c人民教育出版社@d1991 | |
| 215 | @a721页@c冠照片@d32开 | |
| 225 | 2 | @a中国近代教育论著丛书 |
| 461 | 0 | @12001 @a中国近代教育论著丛书 |
| 606 | 0 | @a教育学 |
| 690 | @aG409@v4 | |
| 701 | 0 | @a高平叔@AGao Ping Shu@4编 |
| 801 | 0 | @aCN@bNLC@c20101222 |
| 905 | @a10447@dG409@eJY33 | |
| 蔡元培教育论著选/高平叔编.-北京:人民教育出版社,1991 |
| 721页:冠照片;32开.-(中国近代教育论著丛书) |
| ISBN 7-107-10612-0(精装):CNY13.60 |
| ● |
| 相关链接 |
|
|
|
|
正题名:蔡元培教育论著选
索取号:G409/JY33
 
预约/预借
| 序号 | 登录号 | 条形码 | 馆藏地/架位号 | 状态 | 备注 |
| 1 | 7805113 | 278051135 | 学院路分馆/ [索取号:G409/JY33] | 在馆 |